| 000 | 00465cam a22001337a 4500 | ||
|---|---|---|---|
| 008 | 180718b1986 xxu||||| |||| 00| 0 eng d | ||
| 082 | _aK18x54 In2a | ||
| 100 | _aSharma, B.R. | ||
| 245 |
_aAdministrative stress: a study of midle level government executives in India _cby B.R. Sharma |
||
| 260 |
_aNew Delhi _bIndian Institute of Public Administration _c1986 |
||
| 300 | _a78p. | ||
| 650 | _aBureaucracy - India | ||
| 700 | _aIndian Institute of Public Administration | ||
| 999 |
_c475658 _d475658 |
||